| 000 | 00694nam a22002057a 4500 | ||
|---|---|---|---|
| 999 |
_c13111 _d13111 |
||
| 003 | AR-CdUCM | ||
| 008 | 190411b ||||| |||| 00| 0 spa d | ||
| 040 |
_aMUNICIPALIDAD PROVINCIAL DEL CUSCO _cBIBLIOTECA MUNICIPAL DEL CUSCO |
||
| 082 |
_a301.985/ _bP28 / 1973. |
||
| 100 |
_aPatch, Richard W. _931312 |
||
| 245 |
_aLa parada : _bEstudio de un mundo alucinante / |
||
| 260 |
_aLima : _bMosca azul editores, _c1973. |
||
| 300 |
_a78 páginas ; _c18 cm. |
||
| 505 | _aContenido: Mundo de tugurios y hoteles promiscuos... | ||
| 650 |
_aLa parada en lima _931313 |
||
| 650 |
_aClases sociales _92411 |
||
| 650 |
_aComercio informal _931314 |
||
| 942 |
_2ddc _cLIBROS |
||
| 945 |
_adavv _d11/04/2019 |
||